000 00217 a2200097 4500
001 57497
100 _a
245 _aQuality planning and analysis
260 _aBoston
_bMc-Graw Hill Pub
_c2001
090 _c35227
_d35227
942 _aNUST-CAE
_c
_c28033
999 _c292570
_d292570